000 nam a22 a 4500
999 _c114525
_d114525
003 BLK
005 20220325142841.0
008 180409b bul|||||r ||||||| ||bul||
010 _aKNG00119956000
040 _aBLK
041 _aBUL
_cBUL
080 _aБългарска литература
_b821.163.2
_x-32
_z821.163.2-32
100 1 _aЗарев, Славчо
_eпърви автор
_9313533
139 _aЗарев, Славчо
_bЗ 34
245 1 0 _aТри фута под кила
_bХуморист. разкази
_cСлавчо Зарев.
257 _aBGR
260 _aСофия
_bВоен. изд.
_c1982
300 _a160 с.
_c20 см
380 _aX
500 _a7 730 тир.
852 _aЦб 113411
856 4 _qpdf
856 4 _qpdf
942 _cKNG
_n0
_s1
944 _aCR
_c21.10.2016
_kНора_Радева
944 _aED
_c21.10.2016
_kНора_Радева
999 _d114525